Demise of Indian dream / (Record no. 16709)

MARC details
000 -LEADER
fixed length control field 00775 a2200229 4500
005 - DATE AND TIME OF LATEST TRANSACTION
control field 20081014123653.0
008 - FIXED-LENGTH DATA ELEMENTS--GENERAL INFORMATION
fixed length control field 081014t xxu||||| |||| 00| 0 eng d
010 ## - LCCN (DPL NO)
LC control number ENG-91328
020 ## - INTERNATIONAL STANDARD BOOK NUMBER
International Standard Book Number 8173414726
Terms of availability 495.00
035 ## - SYSTEM CONTROL NUMBER
System control number EN-74861
037 ## - SOURCE OF ACQUISITION
Source of stock number/acquisition DBAD / PUB
040 ## - CATALOGING SOURCE
Original cataloging agency dpl
Language of cataloging English
082 ## - DEWEY DECIMAL CLASSIFICATION NUMBER
Classification number 080
100 ## - MAIN ENTRY--PERSONAL NAME
Personal name Joginder Singh
245 ## - TITLE STATEMENT
Title Demise of Indian dream /
Statement of responsibility, etc by Joginder Singh
260 ## - PUBLICATION, DISTRIBUTION, ETC. (IMPRINT)
Place of publication, distribution, etc Delhi
Name of publisher, distributor, etc Indian Publishers Distributors
Date of publication, distribution, etc 2008
270 ## - ADDRESS
Address 156-D, Kamla Nagar,
State or province Delhi
Postal code 110007
300 ## - PHYSICAL DESCRIPTION
Extent 276p.
Dimensions 22 cm (Hb)
500 ## - GENERAL NOTE
General note Includes index
942 ## - ADDED ENTRY ELEMENTS (KOHA)
Institution code [OBSOLETE] dpl
Item type English Books
Source of classification or shelving scheme Dewey Decimal Classification
Call number suffix JOG
Classification part 080
Holdings
Withdrawn status Lost status Source of classification or shelving scheme Damaged status Not for loan Collection code Home library Current library Date acquired Source of acquisition Cost, normal purchase price Total Checkouts Full call number Barcode Date last seen Copy number Cost, replacement price Koha item type
    Dewey Decimal Classification   Not For Loan Non-fiction D.B.Act.Division D.B.Act.Division 14/10/2008 DBAD / PUB 495.00   080 JOG EN-74861 14/10/2008 1 495.00 English Books

© Delhi Public Library
Hit Counter
free hit counter